Dónde se habrá metido la democracia?
Bewaard in:
| Hoofdauteur: | |
|---|---|
| Formaat: | Boek |
| Taal: | Spaans |
| Gepubliceerd in: |
Quillota
El Observador
1984
|
| Onderwerpen: | |
| Tags: |
Voeg label toe
Geen labels, Wees de eerste die dit record labelt!
|
MARC
| LEADER | 00000nam a2200000 a 4500 | ||
|---|---|---|---|
| 001 | UCL2370 | ||
| 003 | CL-VaPUC | ||
| 008 | 031017e19840000CL |||||||||||||||||spa|d | ||
| 082 | 0 | 4 | |a 321.8 |b SIL |2 21 |
| 100 | 0 | |a Silva Bijit, Roberto |e author |9 479464 | |
| 245 | 1 | 0 | |a Dónde se habrá metido la democracia? |
| 300 | |a 124 p | ||
| 942 | |c BK | ||
| 945 | |d 20031017 00:00:00 |a cmena | ||
| 260 | |a Quillota |b El Observador |c 1984 | ||
| 650 | 0 | |a Democracia |9 255256 | |
| 650 | 7 | |a FILOSOFIA POLITICA |2 CL-VaPUC |9 479465 | |
| 650 | 0 | |a Ideologías políticas |9 255735 | |
| 583 | |a last modification |c 20031017 00:00:00 |k Rodrigo Vera | ||
| 999 | |c 305709 |d 305707 | ||
| 952 | |0 0 |1 0 |4 0 |6 321_800000000000000_SIL_1984 |7 0 |8 A |9 369976 |a BIBHIS |b BIBHIS |d 2019-11-21 |i 3951596 |o 321.8 SIL 1984 |p 3951596 |r 2025-01-20 |w 2019-11-21 |y BK |k HIS | ||